116th Senate: New Members - Statistics

General Stats
  • This quiz has been taken 60 times
  • The average score is 8 of 9
Answer Stats
Hint Answer % Correct
Utah Mitt Romney
100%
Florida Rick Scott
98%
Missouri Josh Hawley
90%
Arizona (Class 1) Kyrsten Sinema
90%
Tennessee Marsha Blackburn
84%
Arizona (Class 3) Martha McSally
82%
Indiana Mike Braun
82%
Nevada Jacky Rosen
78%
North Dakota Kevin Cramer
73%
No matching quizzes found
Score Distribution
Percent of People with Each Score
Percentile by Number Answered
Your Score History
You have not taken this quiz